| 000 | 00523cam a2200181 a 4500 | ||
|---|---|---|---|
| 020 | _a0534130445 | ||
| 040 | _cDLC | ||
| 082 | 0 | 0 | _a808 WAD 1991 A092 Or. |
| 100 | 1 | _aRobinson, William S., | |
| 245 | 1 | 0 |
_aTexts and contexts : _ba contemporary approach to college writing / |
| 260 |
_aBelmont, Calif. : _bWadsworth Pub. Co., _cc1991. |
||
| 300 |
_axvii, 412 p. : _bmaps ; _c24 cm. |
||
| 650 | 0 | _aEnglish language | |
| 650 | 0 | _aEnglish language | |
| 650 | 0 | _aReport writing. | |
| 700 | 1 | _aTucker, Stephanie, | |
| 942 | _cEK | ||
| 999 |
_c11799 _d11799 |
||